| 000 | 00526nam a2200205 a 4500 | ||
|---|---|---|---|
| 005 | 20231101063630.0 | ||
| 008 | 991125s1996 mx 000 0 spa u | ||
| 020 | _a9681650506 | ||
| 035 | _aUPN01000040264 | ||
| 049 | _aF | ||
| 050 | 4 |
_aPQ7297 G65 _bM8 |
|
| 100 | 1 |
_aGorostiza, José, _d1901-1973 |
|
| 245 | 1 | 0 |
_aMuerte sin fin / _cJosé Gorostiza. |
| 260 |
_aMéxico : _bFCE, _c1996. |
||
| 300 | _a80 p. | ||
| 440 | 0 | _aFondo 2000 | |
| 500 | _a"Tomado de: Poesía" | ||
| 650 | 4 |
_aPoesía mexicana _91273 |
|
| 905 | _aLibro | ||
| 999 |
_c40264 _d40264 |
||